000
00169 a2200097 4500
001
9520
100
_a
Hume, K J
245
_a
260
_a
_b
_c
090
_c
7566
_d
7566
942
_a
NUST-CAE
_c
M
_c
34229
999
_c
244593
_d
244593